banner-ar

الوقوع فى دائرة السحر الف ليلة وليلة : فى النقد الادبى الانكليزى 1704 - 1910 (هدية من الاديب عبدالفتاح الجمل) / (Record no. 41092)

MARC details
000 -الفاتح
حقل البيانات ثابتة الطول 00708nam a2200193Ia 4500
008 - عناصر البيانات ثابتة الطول - معلومات عامة
حقل البيانات ثابتة الطول 140319s9999 xx 000 0 ara d
040 ## - مصدر الفهرسة
وكالة الفهرسة الأصلية GCL /
وكالة النسخ GCL
082 04 - رقم تصنيف ديوى العشرى
رقم التصنيف 398.22
رقم المادة م و
100 1# - المدخل الرئيسى - إسم شخصى
الإسم الشخصى محسن جابر الموسوى
245 10 - بيان العنوان
العنوان الوقوع فى دائرة السحر الف ليلة وليلة : فى النقد الادبى الانكليزى 1704 - 1910 (هدية من الاديب عبدالفتاح الجمل) /
بيان المسئوليه,etc محسن جابر الموسوى
300 ## - الوصف المادى
التعداد 420 ص
490 ## - بيان السلسلة
عنوان السلسلة سلسلة دراسات
رقم المجلد/ التعيين التسلسلي 0
650 04 - المدخل الاضافى بالموضوع-مصطلح موضوعى
مصطلح موضوعي الادب
650 04 - المدخل الاضافى بالموضوع-مصطلح موضوعى
مصطلح موضوعي الادب الشعبى
650 04 - المدخل الاضافى بالموضوع-مصطلح موضوعى
مصطلح موضوعي الف ليلة وليلة
650 04 - المدخل الاضافى بالموضوع-مصطلح موضوعى
مصطلح موضوعي تاريخ ونقد
942 ## - عناصر المدخل الإضافي( كوها)
مصدر التصنيف او مخطط الترفيف Dewey Decimal Classification
Koha [default] item type كتاب
Holdings
حالة التراجع حالة الفقد حالة تلف ليس للاعارة المكان المؤقت الموقع الحالى تاريخ الاكتساب اجمالي اﻻعارات رقم الطلب الباركود تاريخ اخر مشاهدة تاريخ تفعيل السعر نوع وعاء كوها
        مكتبة القاهرة الكبرى مكتبة القاهرة الكبرى 03/26/2014   398.22\م و 99082 03/26/2014 03/26/2014 كتاب

Powered By

EGPV